NBA Commissioners Quiz - Statistics

General Stats
  • This quiz has been taken 123 times
  • The average score is 2 of 5
Answer Stats
Tenure Commissioner % Correct
2014 - Present Adam Silver
100%
1984 - 2014 David Stern
77%
1975 - 1984 Larry O'Brien
29%
1946 - 1963 Maurice Podoloff
9%
1963 - 1975 J. Walter Kennedy
8%
No matching quizzes found
Score Distribution
Percent of People with Each Score
Percentile by Number Answered
Your Score History
You have not taken this quiz